<?xml version="1.0" encoding="UTF-8"?><?xml-stylesheet type="text/xsl" href="static/style.xsl"?><OAI-PMH xmlns="http://www.openarchives.org/OAI/2.0/" xmlns:xsi="http://www.w3.org/2001/XMLSchema-instance" xsi:schemaLocation="http://www.openarchives.org/OAI/2.0/ http://www.openarchives.org/OAI/2.0/OAI-PMH.xsd"><responseDate>2026-04-18T04:30:33Z</responseDate><request verb="GetRecord" identifier="oai:www.recercat.cat:2072/489398" metadataPrefix="marc">https://recercat.cat/oai/request</request><GetRecord><record><header><identifier>oai:recercat.cat:2072/489398</identifier><datestamp>2026-03-30T06:53:13Z</datestamp><setSpec>com_2072_98</setSpec><setSpec>col_2072_378192</setSpec></header><metadata><record xmlns="http://www.loc.gov/MARC21/slim" xmlns:dcterms="http://purl.org/dc/terms/" xmlns:xsi="http://www.w3.org/2001/XMLSchema-instance" xmlns:doc="http://www.lyncode.com/xoai" xsi:schemaLocation="http://www.loc.gov/MARC21/slim http://www.loc.gov/standards/marcxml/schema/MARC21slim.xsd">
   <leader>00925njm 22002777a 4500</leader>
   <datafield ind2=" " ind1=" " tag="042">
      <subfield code="a">dc</subfield>
   </datafield>
   <datafield ind2=" " ind1=" " tag="720">
      <subfield code="a">Padel, Maxime</subfield>
      <subfield code="e">author</subfield>
   </datafield>
   <datafield ind2=" " ind1=" " tag="720">
      <subfield code="a">Clausen, Sébastien</subfield>
      <subfield code="e">author</subfield>
   </datafield>
   <datafield ind2=" " ind1=" " tag="720">
      <subfield code="a">Poujol, Marc</subfield>
      <subfield code="e">author</subfield>
   </datafield>
   <datafield ind2=" " ind1=" " tag="720">
      <subfield code="a">Álvaro, Jose Javier</subfield>
      <subfield code="e">author</subfield>
   </datafield>
   <datafield ind2=" " ind1=" " tag="260">
      <subfield code="c">2022</subfield>
   </datafield>
   <datafield ind2=" " ind1=" " tag="520">
      <subfield code="a">Acknowledgement. This research was founded by the RGF program of the French Geological Survey (BRGM). This paper is a contribution to project CGL2013-48877-P from Spanish MINECO. François Guillot, Olivier Blein, Cecilio Quesada and Cesar Witt are warmly thanked for stimulating discussions about Cadomian geodynamics. The authors appreciate revisions by Noel Moreira (Evora, Portugal) and an anonymous reviewer.</subfield>
   </datafield>
   <datafield ind2=" " ind1=" " tag="520">
      <subfield code="a">Detrital zircon grains from Cambrian-Lower Ordovician sandstones and quartzites sampled in the Pyrenees were dated by LA-ICPMS in order to assess their provenance sources. Resulting age distributions are compared to other available datasets from neighbouring margins, such as Morocco, the Iberian Peninsula, southern France and Sardinia. Kolmogorov-Smirnov (K-S) test and Crystallization Age-Depositional Age (CA-DA) diagrams were used to compare zircon populations estimating their possible correlation with the arc/rift/drift geodynamic evolution of the northwestern Gondwana margin. During Terreneuvian times, zircon populations allowed the distinction of i) a southwesternmost edge (Anti-Atlas-Ossa-Morena Rift) mostly influenced by Panafrican and Anti-Atlasian sources (ca. 0.63-0.54), ii) a northeasternmost edge (Sardinia) recording the influence of the Saharan Metacraton and the Arabian Nubian Shield, with an distinct Stenian-Tonian shift (ca. 1.25-0.85Ga) and iii) an intermediate palaeogeographic transect, where lies the Central-Iberian, West Asturian-Leonese and Cantabrian Zones, the Montagne Noire and the Pyrenees sharing similar populations and a chronologically progressive influence from Anti-Atlasian/Panafrican to Saharan Metacraton/Arabian Nubian Shield sources. This gradual modification in zircon percentage populations supports similar trends based on climatically sensitive indicators, biogeographic patterns of Cambrian Epoch 2 archaeocyathan and microfossil assemblages, and laterally correlatable episodes of carbonate production, all of them pointing to a Cambrian setting for the Pyrenean Basin between the Montagne Noire (Occitan Domain) and the Sardinian margins of NW Gondwana. The Terreneuvian zircon patterns recorded in the Pyrenees gradually evolved from Cambrian Epoch 2 to Early Ordovician times, reflecting the geodynamic evolution from Panafrican and Cadomian arc-related to rift-dominant conditions. During Furongian and Ordovician times, the relative percentage of zircon populations led to a more spread age curve, characteristic of extensional settings and pointing to rift (passive margin) conditions.</subfield>
   </datafield>
   <datafield ind1="8" ind2=" " tag="024">
      <subfield code="a">https://hdl.handle.net/2072/489398</subfield>
   </datafield>
   <datafield tag="653" ind2=" " ind1=" ">
      <subfield code="a">Orogeny</subfield>
   </datafield>
   <datafield tag="653" ind2=" " ind1=" ">
      <subfield code="a">Rift</subfield>
   </datafield>
   <datafield tag="653" ind2=" " ind1=" ">
      <subfield code="a">Paleogeography</subfield>
   </datafield>
   <datafield tag="653" ind2=" " ind1=" ">
      <subfield code="a">Pyrenees</subfield>
   </datafield>
   <datafield tag="653" ind2=" " ind1=" ">
      <subfield code="a">Detrital zircon</subfield>
   </datafield>
   <datafield tag="653" ind2=" " ind1=" ">
      <subfield code="a">Godwana</subfield>
   </datafield>
   <datafield ind2="0" ind1="0" tag="245">
      <subfield code="a">Shifts in the Ediacaran to Lower Ordovician sedimentary zircon provenances of Northwest Gondwana : the Pyrenean files</subfield>
   </datafield>
</record></metadata></record></GetRecord></OAI-PMH>